| 000 | nam a22 7a 4500 | ||
|---|---|---|---|
| 999 |
_c329146 _d329146 |
||
| 003 | ASAB | ||
| 005 | 20170425115740.0 | ||
| 008 | 170425b xxu||||| |||| 00| 0 eng d | ||
| 020 | _a81-309-0070-x | ||
| 040 | _cASAB | ||
| 082 | _a660.6 | ||
| 245 |
_aConcise encyclopedia of bioresource technology _cedited by Ashok Pandey |
||
| 246 |
_abioresource technology _bbio resource |
||
| 260 |
_aNew Delhi _bViva Books Private Limited. _c2005 |
||
| 300 | _a735 P | ||
| 942 |
_2ddc _cBK |
||